000 00608nam a22001817a 4500
003 KOHA_MİRAKIL
005 20251219104509.0
008 251219b tu ||||| |||| 00| 0 tur d
020 _a9786254450518
040 _aTR-AnABB
_btur
_cTR-AnABB
041 _atur
082 _a363.2068
_bJAN 2022
245 1 0 _a Jandarma ve Sahil Güvenlik Akademisi I. Lisans ve Lisansüstü Güvenlik Yönetimi Öğrenci Kongresi bildiri kitabı /
260 _aAnkara :
_bJandarma ve Sahil Güvenlik Akademisi Yayınları,
_c2022
300 _a172 sayfa ;
_c24 cm
650 0 4 _aGüvenlik yönetimi
942 _2ddc
_cBK
999 _c9797
_d9797
900 _bGizem YORULMAZ